Objets de Harry Potter en images - Statistiques

Statistiques générales
  • Ce quiz a été pris 268 fois
  • Le résultat moyen est 12 sur 20
Statistiques - réponses
Par images Réponse % Correct
Cape d'invisibilité
98%
Vif d'or
97%
Choixpeau magique
91%
Coupe de Feu
86%
Baguette de Sureau
82%
Pierre Philosophale
75%
Carte du Maraudeur
74%
Magicobus
71%
Beuglante
68%
Épée de Gryffondor
63%
Pensine
60%
Miroir du Risèd
54%
Retourneur de Temps
53%
Oeuf d'or
43%
Armoire à Disparaître
40%
Rapeltout
39%
Déluminateur
33%
Plume à Papote
33%
Monstrueux Livre des Monstres
21%
Lorgnospectres
8%
Aucun quiz correspondant
Distribution des résultats
% des personnes avec chaque résultat
Percentile par nombre de réponses
Votre historique - résultats
Vous n’avez pas pris ce quiz